Southville International School and Colleges
Your cart is empty.
  • Cart
  • Lists
    Public lists Eva Luna New books Lux_list list_1
    Your lists Log in to create your own lists
  • Log in to your account
  • Your cookies
  • Search history
Southville International School and Colleges
  • Advanced search
  • Recent comments
  • Most popular
  • Libraries

Log in to your account

Log in with GOOGLE


If you do not have an external account, but do have a local account, you can still log in:

  1. Home
  2. MARC view: Basketball ;
Normal view MARC view ISBD view

Basketball ; (Record no. 305489)

[ view plain ]
MARC details
000 -LEADER
fixed length control field 00526nam a2200205Ia 4500
008 - FIXED-LENGTH DATA ELEMENTS--GENERAL INFORMATION
fixed length control field 170203s9999 xx 000 0 und d
020 ## - INTERNATIONAL STANDARD BOOK NUMBER
International Standard Book Number 9789833733170
050 ## - LIBRARY OF CONGRESS CALL NUMBER
Classification number 796.323
050 ## - LIBRARY OF CONGRESS CALL NUMBER
Item number .C692b 2007
100 ## - MAIN ENTRY--PERSONAL NAME
Personal name Coleman, Brian.
245 ## - TITLE STATEMENT
Title Basketball ;
245 ## - TITLE STATEMENT
Remainder of title the complete guide to the skills of basketball /
245 ## - TITLE STATEMENT
Statement of responsibility, etc Brian Coleman.
260 ## - PUBLICATION, DISTRIBUTION, ETC. (IMPRINT)
Place of publication, distribution, etc Malaysia :
260 ## - PUBLICATION, DISTRIBUTION, ETC. (IMPRINT)
Name of publisher, distributor, etc Unipress publishing.
260 ## - PUBLICATION, DISTRIBUTION, ETC. (IMPRINT)
Date of publication, distribution, etc 2007
300 ## - PHYSICAL DESCRIPTION
Extent 63 pages :
440 ## - SERIES STATEMENT/ADDED ENTRY--TITLE
Title The Sports Handbook.
650 ## - SUBJECT ADDED ENTRY--TOPICAL TERM
Topical term or geographic name as entry element Basketball.
Holdings
Withdrawn status Lost status Damaged status Home library Current library Shelving location Date acquired Total Checkouts Full call number Barcode Date last seen Price effective from Koha item type
      Stonyhurst Southville International School (Batangas) Stonyhurst Southville International School (Batangas)   02/03/2017   796.323 .C692b 2007 US-1252 02/03/2017 02/03/2017 Books

Basketball ;

APA

Coleman B., .Basketball. Malaysia: .

Chicago

Coleman Brian, .Basketball. Malaysia: .

Harvard

Coleman B., .Basketball. Malaysia: .

MLA

Coleman Brian, .Malaysia: . .

  • Place hold
  • Print
  • Cite
  • Add to your cart (remove)
  • Save record
    BIBTEX Dublin Core MARCXML MARC (non-Unicode/MARC-8) MARC (Unicode/UTF-8) MARC (Unicode/UTF-8, Standard) MODS (XML) RIS
  • More searches
    Search for this title in:
    Other Libraries (WorldCat) Other Databases (Google Scholar) Online Stores (Bookfinder.com) Open Library (openlibrary.org)

Exporting to Dublin Core...

SOUTHVILLE LIBRARY

Southville International School and Colleges Library

1281 Tropical Ave. Cor. Luxembourg St., BF Homes International, Las Pinas City

Tel. No. 8256374 / 252358 Loc. 117/146

Powered by Koha